000 01197nam a22003377a 4500
003 CHAP
005 20250613132657.0
008 971013s1995 r 00010 d
010 _a58095
011 _a59067
035 _a63224
040 _cCHAP
090 _aTesis
100 0 0 _aOlguín Angeles, Araceli.
_983000
245 _aModelo de transporte con la técnica de programación lineal aplicada al cultivo de la piña (Ananas comosus (L) Merr.)
260 _aChapingo, Méx. :
_bEl autor,
_c1995
300 _a52 h.
502 _aTesis (Lic. en Comercio Internacional de Productos Agropecuarios
590 _aALEPH
_b10
_c20130110
_lUCH01
_h1336
590 _aBATCH-UPD
_b10
_c20130110
_lUCH01
_h0637
590 _aBATCH-UPD
_b10
_c20130410
_lUCH01
_h0321
590 _aBATCH-UPD
_b10
_c20130914
_lUCH01
_h1849
590 _aCONVERSION
_b10
_c20130109
_lUCH01
_h1331
650 1 7 _aPiña (Ananas comosus)
_xMercadeo
_2
_988411
650 1 7 _aPiña (Ananas comosus)
_xTransporte
_xCostos
_2
_988426
650 1 4 _aProgramación lineal.
_992371
901 _aBK
942 _cFOLL
949 _bBC
_cTES
_d-135798
_eTS1
_h28551
_i63224
_si
949 _bBC
_cTES
_d33724000077707
_eTS2
_fc.2
_h28552
_i63224
_si
999 _c58095
_d58095